Bibelen eller den Heliga Skrift (Record no. 152099)
[ view plain ]
| 000 -LEADER | |
|---|---|
| campo de control de longitud fija | 00695nam a22001815i 4500 |
| 001 - NÚMERO DE CONTROL | |
| campo de control | 152099 |
| 003 - IDENTIFICADOR DE NÚMERO DE CONTROL | |
| campo de control | ES-MaACL |
| 005 - FECHA Y HORA DE LA ÚLTIMA TRANSACCIÓN | |
| campo de control | 20230906204531.0 |
| 008 - DATOS DE LONGITUD FIJA--INFORMACIÓN GENERAL | |
| campo de control de longitud fija | 051011s1867 sw | |||||||| ||swe d |
| 040 ## - FUENTE DE CATALOGACIÓN | |
| Centro catalogador/agencia de origen | CAM |
| Lengua de catalogación | spa |
| Centro/agencia transcriptor | CAM |
| 130 0# - ENTRADA PRINCIPAL--TÍTULO UNIFORME | |
| Título uniforme | Biblia. |
| Lenguaje de la obra | Sueco. |
| 9 (RLIN) | 119315 |
| 245 10 - MENCIÓN DEL TÍTULO | |
| Título | Bibelen eller den Heliga Skrift |
| Resto del título | : innehållande Gamla och Nya Testamentets canoniska Böcker. |
| 260 ## - PUBLICACIÓN, DISTRIBUCIÓN, ETC. | |
| Lugar de publicación, distribución, etc. | Stockholm : |
| Nombre del editor, distribuidor, etc. | Truckt på Brittiska och atländska Bibel-Sällskapets bekostnad ¿?, |
| Fecha de publicación, distribución, etc. | 1867 ( |
| Fabricante | Truckt hos Samuel Rumstedt ¿?) |
| 300 ## - DESCRIPCIÓN FÍSICA | |
| Extensión | [4], 949, [1] en bl., 320 p. ; |
| Dimensiones | 23 cm. |
| 597 ## - NOTA DE DESCRIPCIÓN FÍSICA | |
| NOTA DE DESCRIPCIÓN FÍSICA | Letra gótica. |
| 597 ## - NOTA DE DESCRIPCIÓN FÍSICA | |
| NOTA DE DESCRIPCIÓN FÍSICA | Texto a dos col. |
| 852 ## - LOCALIZACIÓN | |
| Ubicación | ES-MaACL |
| Número de control de estantería | G-11058 |
| Nota libre | -- Enc. piel marrón con hierros |
| Estatus retirado | Estado de pérdida | Estado de daño | No para préstamo | Colección | Biblioteca de origen | Biblioteca actual | Ubicación en estantería | Fecha de adquisición | Fuente de adquisición | Total de préstamos | Signatura topográfica completa | Código de barras | Visto por última vez | Precio de reemplazo | Tipo de ítem Koha |
|---|---|---|---|---|---|---|---|---|---|---|---|---|---|---|---|
| Libros del s. XIX | Biblioteca del Ateneo de Madrid | Biblioteca del Ateneo de Madrid | Sala Pecera Planta 3 | 17/01/2008 | G-11058 | 1158769 | 23/02/2023 | 23/02/2023 | Libro impreso antiguo |
